000 00658nam a2200229Ia 4500
003 OSt
005 20220923220925.0
006 a|||||r|||| 00| 0
007 ta
008 220922b |||||||| |||| 00| 0 hin d
024 _a192,264
037 _cTextual
040 _aARTS
_cARTS
_bhin
041 _2hin
_ahin
082 _aT:3:P152, K2
100 _aउपाध्याय, एन0 एम0
_9160419
245 0 _aहिन्दी शिक्षण विघि
246 _aHindī shikṣhaṇ vighi
260 _c1962
942 _hT:3:P152, K2
_cTEXL
_2CC
999 _c344886
_d344886